000 01009nam a22002897a 4500
001 7825
003 FISKH
005 20250811134645.0
008 250811b cb ||||| |||| 00| 0 eng d
040 _aFISKH
_beng
_cFISKH
_dFISKH
050 _aPZ7.R39865 D
082 _a823.914
100 _aRawson, Christopher
245 _aStories of dragons /
_cChristopher Rawson ; Adapted by Lesley Sims ; Illustrated by Stephen Cartwright
250 _aThis edition first published in 2007
260 _aLondon :
_bUsborne,
_c1980
300 _a48 pages :
_bcolor illustrations ;
_c20 cm
505 _aG
520 _aSeries one of 'Usborne's Young Reading' books, which combines good stories with easy-reading text and illustrations, is for readers who have just started reaing alone.
521 8 _a410
_bLexile
521 8 _aG
_bRaz-Plus
650 _2Picture book
_aChildren
650 _2Dragons
_aUsborne
700 _aCartwright, Stephen
_dillustrator
942 _2ddc
_cBK
_n0
999 _c7825
_d7825